• 首页
  • 本馆介绍
  • 公告通知
  • 最新文献
  • 馆藏检索
  • 电子资源
  • 读者导购
  • 参考咨询
  • 我的图书馆
  • 登录
  • 详细信息显示
  • 放入我的书架
  • 预约/预借图书
  • 作者相关作品
  • 分类相关作品
  • 丛书相关作品
  • 出版社相关作品

书目信息

  • 表格格式
  • 工作单格式
  • 卡片格式
题名:
生物史
    
 
作者: 《生物史》编写组编
分册: 第五分册   栽培植物的起源 饲养动物的起源 微生物的利用
出版信息: 北京   科学出版社  1979
页数: 178页
开本: 19cm
丛书名:
单 册:
中图分类: Q-09
科图分类:
主题词: 生物学 , 生物起源 , 生物学--理论 , 生物学--方法
电子资源:
ISBN:
000 00835nam0 2200289 45
001 0179002868
005 20060801153824.40
010    @dCNY0.48
091    @aCN@b13031.1012
100    @a19950726d1979 em y0chiy0121 ea
101 0  @achi
102    @aCN@b110000
105    @ay z 000yy
200 10 @a生物史@Asheng wu shi@h第五分册@i栽培植物的起源 饲养动物的起源 微生物的利用@f《生物史》编写组编
210    @a北京@c科学出版社@d1979
215    @a178页@d19cm
517 1  @a栽培植物的起源@Azai pei zhi wu de qi yuan
517 1  @a微生物的利用@Awei sheng wu de li yong
517 1  @a饲养动物的起源@Asi yang dong wu de qi yuan
606    @a生物学
606    @a生物起源
606 0  @a生物学@x理论
606 0  @a生物学@x方法
610 0  @a生物史
690    @aQ-09@v3
801  0 @aCN@bTSSF@c20060801
905    @a10447@dQ-09@e15:5
    
    生物史.第五分册.栽培植物的起源 饲养动物的起源 微生物的利用/《生物史》编写组编.-北京:科学出版社,1979
    178页;19cm
    
    
    ISBN :CNY0.48
    
●
相关链接 在E读中查询图书 在五车中查询图书 在当当中查询图书 在豆瓣中查询图书


正题名:生物史     索取号:Q-09/15:5         预约/预借

序号 登录号 条形码 馆藏地/架位号 状态 备注
1 0437467   204374676   密集书库/ [索取号:Q-09/15:5] 在馆    
2 0437468   204374685   密集书库/ [索取号:Q-09/15:5] 在馆    
唐山师范学院图书馆 欢迎您!
大连网信软件有限公司© 版权所有